000 00717 a2200181 4500
003 Nust
005 20221121113452.0
020 _a8121908930
040 _cNust
082 _a515.35,RAI
100 _aRaisinghania .M.D
_98775
245 _aAdvanced Differential Equations
_bIncluding Boundary Value Problems /
_cM.D.Raisinghania
260 _aNew Delhi
_bS,Chand & Co
_c2005
300 _a434,370,178:p
505 _aPart-1: Ordinary Differential Equations (Page1-434), Part-2: Partial Differential Equations (Page1-370), Part-3: Boundary Value Problems (Page1-175), Part-4: Laplace Transform and its Applications (Page 3- 53).
650 _aAdvanced Differential Equations
_9103248
942 _2ddc
_cBK
_k515.35,RAI
999 _c180817
_d180817